1963: The Spring of Hope for the Ba't

Guardado en:
Detalles Bibliográficos
Autor principal: Sorby, Karol R.
Formato: Capítulo de libro
Lenguaje:inglés
Etiquetas: Agregar Etiqueta
Sin Etiquetas, Sea el primero en etiquetar este registro!

MARC

LEADER 00000naa a2200000 4500
001 0177698
005 20240502083419.6
041 0 |a eng 
044 |a PL 
245 1 0 |a 1963: The Spring of Hope for the Ba't  |c Karol R. Sorby 
100 1 |a Sorby, Karol R.